|
|
|
|
| LEADER |
02055nam a22003377a 4500 |
| 001 |
37032 |
| 003 |
BD-DhAAL |
| 005 |
20251021100801.0 |
| 008 |
200217r20152013ii b 001 0 eng d |
| 020 |
|
|
|a 9789325960107
|
| 040 |
|
|
|a BD-DhAAL
|
| 082 |
0 |
0 |
|a 346.5407
|2 22
|
| 100 |
1 |
|
|a Kuchhal, M.C.
|9 39321
|
| 245 |
1 |
0 |
|a Mercantile law /
|c M.C. Kuchhal, Vivek Kuchhal.
|
| 250 |
|
|
|a Eight revised edition
|
| 260 |
|
|
|a New Delhi :
|b Vikas Publishing House (P) Ltd,
|c 2013 [reprinted 2015].
|
| 300 |
|
|
|a xxix, 690 pages ;
|c 21 cm.
|
| 504 |
|
|
|a Includes bibliographical references and index.
|
| 526 |
|
|
|a SOL
|
| 541 |
1 |
|
|a Hye Trade International
|e 37032, 37033, 37034, 37035, 37036
|
| 650 |
|
0 |
|a Commercial law
|z India.
|9 39322
|
| 650 |
|
0 |
|a Law.
|9 43208
|
| 700 |
|
|
|a Kuchhal, Vivek.
|9 39323
|
| 852 |
4 |
|
|a Ayesha Abed Library
|j General Stacks
|
| 942 |
0 |
0 |
|2 ddc
|c BK
|
| 999 |
|
|
|c 41662
|d 41662
|
| 952 |
|
|
|0 0
|1 0
|2 ddc
|4 0
|6 346_540700000000000_KUC
|7 0
|9 67881
|a BRACUL
|b BRACUL
|c CIR
|d 2020-02-09
|e Hye Trade International
|g 855.00
|l 12
|m 78
|o 346.5407 KUC
|p 3010037035
|r 2026-03-01
|s 2026-03-01
|t 4
|v 855.00
|w 2020-02-09
|y 1HOUR
|x Due to student demand, the book will be used as 1 hour loan.
|
| 952 |
|
|
|0 0
|1 0
|2 ddc
|4 0
|6 346_540700000000000_KUC
|7 0
|9 67882
|a BRACUL
|b BRACUL
|c GEN
|d 2020-02-09
|e Hye Trade International
|g 855.00
|l 9
|m 105
|o 346.5407 KUC
|p 3010037032
|q 2025-10-28
|r 2025-02-09
|s 2025-02-09
|t 1
|v 855.00
|w 2020-02-09
|y BK
|
| 952 |
|
|
|0 0
|1 0
|2 ddc
|4 0
|6 346_540700000000000_KUC
|7 0
|9 67883
|a BRACUL
|b BRACUL
|c GEN
|d 2020-02-09
|e Hye Trade International
|g 855.00
|l 8
|m 62
|o 346.5407 KUC
|p 3010037033
|q 2026-02-17
|r 2024-05-28
|s 2024-05-28
|t 2
|v 855.00
|w 2020-02-09
|y BK
|
| 952 |
|
|
|0 0
|1 0
|2 ddc
|4 0
|6 346_540700000000000_KUC
|7 0
|9 67884
|a BRACUL
|b BRACUL
|c GEN
|d 2020-02-09
|e Hye Trade International
|g 855.00
|l 13
|m 111
|o 346.5407 KUC
|p 3010037034
|q 2026-06-02
|r 2026-02-22
|s 2026-02-22
|t 3
|v 855.00
|w 2020-02-09
|y BK
|
| 952 |
|
|
|0 0
|1 0
|2 ddc
|4 0
|6 346_540700000000000_KUC
|7 0
|9 67885
|a BRACUL
|b BRACUL
|c GEN
|d 2020-02-09
|e Hye Trade International
|g 855.00
|l 14
|m 108
|o 346.5407 KUC
|p 3010037036
|r 2026-05-19
|s 2026-02-25
|t 5
|v 855.00
|w 2020-02-09
|y BK
|